Le Mexique contre le monde - Statistiques

Statistiques générales
  • Ce quiz a été pris 91 fois
  • Le résultat moyen est 6 sur 8
Statistiques - réponses
Guerre Date Alliés du Mexique Pays % Correct
Guerres américano-mexicaines 1846-1848 et 1910-1919 Mexique Etats Unis
100%
Guerre d'indépendance 1810-1829 Mexique Espagne
93%
Guerre des Pâtisseries et Expédition au Mexique 1838-1839 et 1861-1863 Mexique France
89%
Seconde Guerre Mondiale 1942-1945 Les Alliés Allemagne
88%
Seconde Guerre Mondiale 1942-1945 Les Alliés Italie
81%
Seconde Guerre Mondiale 1942-1945 Les Alliés Japon
80%
Révolution texane 1835-1836 Mexique Texas
58%
Révolution du Rio Grande 1840 Mexique Rio grande
5%
Aucun quiz correspondant
Distribution des résultats
% des personnes avec chaque résultat
Percentile par nombre de réponses
Votre historique - résultats
Vous n’avez pas pris ce quiz